| 000 | 01693nam a2200397 c 4500 | ||
|---|---|---|---|
| 003 | BLK | ||
| 005 | 20230411105458.0 | ||
| 008 | 180408b bul|||||r ||||||| ||bul|| | ||
| 010 | _aKNG00070220000 | ||
| 020 |
_a954-91652-8-0 _bиздат.: Фонд. КОМ |
||
| 040 | _aBLK | ||
| 041 |
_aBUL _cBUL |
||
| 080 |
_aСоциално поведение. Социална психология _b316.6 _x _z316.6 |
||
| 080 |
_aПороци. Недостатъци. Високомерие. Завист. Лъжа. Ненавист. Жестокост и др. _b179.8 _x _z179.8 |
||
| 080 |
_aГении. Гениалност _b159.924 _x _z159.924 |
||
| 100 | 1 |
_aПаси, Исак Соломон _eпърви автор _9363338 |
|
| 139 |
_aПаси, Исак Соломон _bП 25 |
||
| 245 | 1 | 0 |
_aМотиви на човешкото поведение _b60 социално-психол. етюда _cИсак Соломон Паси. |
| 250 | _a2. доп. изд. | ||
| 257 | _aBGR | ||
| 260 |
_аСофия _bФонд. КОМ _bНи плюс _c2006 _fСофия : Симолини |
||
| 300 |
_a264 с. _c23 см |
||
| 380 | _a3 | ||
| 500 | _a1. изд. 2002 на изд. Захарий Стоянов | ||
| 650 | 4 |
_aПоведение - социалнопсихологични проблеми _9243184 |
|
| 650 | 4 |
_aМорал - философски проблеми _9252066 |
|
| 650 | 4 |
_aСоциална психология _9243161 |
|
| 653 | _aповедение | ||
| 653 | _aморал | ||
| 653 | _aсоциална психология | ||
| 852 | _aЦб 230573 | ||
| 856 | 4 |
_qpdf _u |
|
| 856 | 4 |
_qpdf _u |
|
| 942 |
_cKNG _n0 _011 |
||
| 944 |
_aCR _c27.12.2006 _kЛюдмила_Стоянова |
||
| 944 |
_aED _c09.10.2007 _k |
||
| 999 |
_c65937 _d65937 |
||